00627nam a22002055a 450000500170000000800410001701000140005802000270007203500130009903700130011204000080012510000200013324500720015325000060022526000410023127000550027230000260032750000500035370000180040320080522115808.0080520s2008 nyu 000 0 eng  aENG-95807 a9788173200902c2950.00 aEN-79340 aDBAD/PUB aDPL aTrivedi, S. D.  aMyths and Legends in Indian artcby S.D. Trivedi [and] Atul Jairath a. aNew DelhibAgam Kala Prakashanc2009 a34, Central Market, Ashok ViharbNew Delhie110052 axxiv,271pb29cm, (Hb) aIncludes bibliographical references and Index aJairath, Atul